Manual de tratamiento, reciclado, aprovechamiento y gestión de las aguas reiduales de las industrias agroalimentarias / (Registro nro. 57699)
[ vista simple ]
| 000 -LEADER | |
|---|---|
| fixed length control field | nam a22 7a 4500 |
| 005 - DATE AND TIME OF LATEST TRANSACTION | |
| control field | 20180807091859.0 |
| 008 - FIXED-LENGTH DATA ELEMENTS--GENERAL INFORMATION | |
| fixed length control field | a090120s2003 sp a 000 0 spa u |
| 020 ## - INTERNATIONAL STANDARD BOOK NUMBER | |
| International Standard Book Number | 8484761045 |
| 050 04 - LIBRARY OF CONGRESS CALL NUMBER | |
| Classification number | TD429 |
| Item number | S46 2003 |
| 100 1# - MAIN ENTRY--PERSONAL NAME | |
| Personal name | Seoánez Calvo, Mariano |
| 245 10 - TITLE STATEMENT | |
| Title | Manual de tratamiento, reciclado, aprovechamiento y gestión de las aguas reiduales de las industrias agroalimentarias / |
| Statement of responsibility, etc | Mariano Seoánez Calvo ; colaborador. Elena Bellas Velasco, Pilar Seoánez Oliet. |
| 250 ## - EDITION STATEMENT | |
| Edition statement | 1a. |
| 260 ## - PUBLICATION, DISTRIBUTION, ETC. (IMPRINT) | |
| Place of publication, distribution, etc | Madrid,España : |
| Name of publisher, distributor, etc | Mundi-Prensa , |
| Date of publication, distribution, etc | 2003 |
| 300 ## - PHYSICAL DESCRIPTION | |
| Extent | 465p. : |
| Other physical details | il. ; |
| Dimensions | 23cm. |
| 490 0# - SERIES STATEMENT | |
| Series statement | Tecnología de alimentos |
| 504 ## - BIBLIOGRAPHY, ETC. NOTE | |
| Bibliography, etc | Bibliografía :p. 459-465 |
| 504 ## - BIBLIOGRAPHY, ETC. NOTE | |
| Bibliography, etc | Incluye :índices |
| 650 #4 - SUBJECT ADDED ENTRY--TOPICAL TERM | |
| Topical term or geographic name as entry element | Agua |
| General subdivision | Reciclar |
| 650 #4 - SUBJECT ADDED ENTRY--TOPICAL TERM | |
| Topical term or geographic name as entry element | Abastecimento de agua |
| 650 #4 - SUBJECT ADDED ENTRY--TOPICAL TERM | |
| Topical term or geographic name as entry element | Aguas residuales |
| General subdivision | Purificación |
| 700 1# - ADDED ENTRY--PERSONAL NAME | |
| Personal name | Bellas Velasco, Elena., |
| Relator term | colaborador. |
| 700 1# - ADDED ENTRY--PERSONAL NAME | |
| Personal name | Seoánez Oliet, Pilar., |
| Relator term | colaborador. |
| 942 ## - ADDED ENTRY ELEMENTS (KOHA) | |
| Source of classification or shelving scheme | Biblioteca del Cogreso de los Estados Unidos |
| Koha item type | Libro |
| Estado de pérdida | Fuente de clasificación | Estado del daño | No para préstamo | Ubicación permanente | Ubicación actual | Apartado o colección | Fecha de adquisición | Edición | Área del conocimiento | Clasificación | Código de Barras | Date last seen | Número de copia | Tipo de recurso |
|---|---|---|---|---|---|---|---|---|---|---|---|---|---|---|
| Biblioteca del Cogreso de los Estados Unidos | Biblioteca de la Facultad de Medicina Veterinaria y Zootecnia | Biblioteca de la Facultad de Medicina Veterinaria y Zootecnia | General | 07/08/2018 | 1a. | Ingeniería y Tecnología | TD429 S46 2003 | MVZ000005114 | 07/08/2018 | C : 1 | Libro | |||
| Biblioteca del Cogreso de los Estados Unidos | Biblioteca del Instituto de Investigaciones Agropecuarias y Forestales | Biblioteca del Instituto de Investigaciones Agropecuarias y Forestales | General | 02/04/2019 | Ingeniería y Tecnología | TD429 S46 2003 C:1 | BIIA000001336 | 02/04/2019 | C:1 | Libro | ||||
| Biblioteca del Cogreso de los Estados Unidos | Biblioteca del Instituto de Investigaciones Agropecuarias y Forestales | Biblioteca del Instituto de Investigaciones Agropecuarias y Forestales | General | 02/04/2019 | Ingeniería y Tecnología | TD429 S46 2003 C:2 | BIIA000001337 | 02/04/2019 | C:2 | Libro |